Summer sweat : an erotic anthology /

Guardat en:
Dades bibliogràfiques
Autor principal: Maltese, William (Autor)
Format: Llibre
Idioma:anglès
Publicat: London : Prowler, c1999
Etiquetes: Afegir etiqueta
Sense etiquetes, Sigues el primer a etiquetar aquest registre!

MARC

LEADER 00000nam a22000007i 4500
001 IT\ICCU\UBO\2259339
003 ItRI
005 20260115231838.0
008 030729s1999 xxk|||||| ||||| |||||c
020 |a 1902644107 
040 |b ita  |c importazione bologna sebina 
041 7 |a eng  |2 ISO-639-2 
100 1 |a Maltese, William  |0 IT\ICCU\UBOV\816438  |4 aut 
245 1 0 |a Summer sweat :  |b an erotic anthology /  |c William Maltese. 
260 |a London :  |b Prowler,  |c c1999 
300 |a 210 p. ;  |c 21 cm. 
942 |2 ddc  |c BK  |n 0 
952 |0 0  |1 0  |4 0  |6 DOC_850_935000000000000_MAL  |7 0  |9 14082  |a BO  |b BO  |d 2026-01-15  |i 7576  |l 0  |o DOC 850.935 MAL  |p BO7576  |r 2026-01-15 23:18:38  |w 2026-01-15  |x [Sebina 5] [1 v.]  |y BK  |z 1 v. 
999 |c 12139  |d 12139